| 000 | 00387nam a2200145Ia 4500 | ||
|---|---|---|---|
| 008 | 230312s9999||||xx |||||||||||||| ||und|| | ||
| 082 |
_a425 _bABU-F |
||
| 100 | _aProf.Dr.Ch. Abdul Rehman | ||
| 245 | 0 | _aFacts of Functional English | |
| 260 |
_bETISAM PUBLISHER _aLahore |
||
| 300 | _a407 | ||
| 546 | _aEng. | ||
| 650 |
_aLiterature _vKinds of Nouns , Pronoun , Adjective |
||
| 942 | _cBK | ||
| 999 |
_c2043 _d2043 |
||